000 00495nam a2200193Ia 4500
008 240510s9999 xx 000 0 und d
020 _a0000521395607
041 _aEng
082 _a004.0151
082 _bP18
100 _aPAULSON L.C.
245 0 _aLOGIC AND COMPUTATION : INTERACTIVE PROOF WITH CAMBRIDGE LCF
260 _bCAMEBRIDGE : CAMEBRIDGE UNIVERSITY PRESS
260 _c1987
300 _a302 p.
650 _aCOMPUTER SCIENCE : FUNCTIONS
942 _2ddc
942 _cRBK
999 _c25629
_d25629
945 _a1
_bMadushi Gamage
_c1
_dMadushi Gamage